000
00344nam a2200157Ia 4500
005
20250425160924.0
008
250425s9999 xx 000 0 und d
041
_a
spa
082
_a
657.8
245
0
_a
CONTABILIDAD ADMINISTRATIVA
250
_a
S.E.
260
_a
S.L.
260
_a
Sin Pais
_b
PREN
_c
1983
942
_c
01
010
_a
8405
999
_c
198901
_d
198901